| 000 | 00904nam a2200205 i 4500 | ||
|---|---|---|---|
| 001 | 185390 | ||
| 003 | ES-MaACL | ||
| 005 | 20251212063022.0 | ||
| 008 | 160530s1946 sp cf |||| |bspa d | ||
| 080 | _a929 Cánovas del Castillo, Antonio | ||
| 100 | 1 |
_aSuárez de Tangil y de Angulo, Fernando, _cConde de Vallellano _9108609 |
|
| 245 | 1 | 0 |
_aAntonio Cánovas del Castillo / _cpor el Conde de Vallellano. |
| 260 |
_aMadrid : _bPurcalla : _bJosé Ruiz Alonso, _c1946. |
||
| 300 |
_a216 p., [7] h. de lám. ; _c21 cm. |
||
| 490 | 1 |
_aMedio siglo de historia. Los presidentes del Consejo de la Monarquía española, 1874-1931 ; _v1 |
|
| 600 | 1 | 4 |
_aCánovas del Castillo, Antonio, _d1828-1897- _xBiografías _9172706 |
| 830 | 1 |
_aMedio siglo de historia. Los presidentes del Consejo de la Monarquía española, 1874-1931 ; _v1 _9225199 |
|
| 852 |
_aES-MaACL _jE-4325 |
||
| 999 |
_c185390 _d185390 |
||